[Event "IV Copa Marcel Duchamp 2020"]
[Site "Montevideo"]
[Date "2020.02.10"]
[Round "4.11"]
[White "Gaye, Gustavo"]
[Black "Garcia Palermo, Carlos"]
[Result "0-1"]
[WhiteElo "2001"]
[BlackElo "2434"]
[Annotator "TA"]
[PlyCount "74"]
[EventDate "2020.02.08"]
[EventType "swiss"]
[EventCountry "URU"]
[SourceTitle "playchess.com"]
[Source "ChessBase"]
[SourceQuality "1"]

{[%evp 9,74,0,-16,-12,0,-12,-12,-36,18,2,0,-2,46,13,16,24,31,21,10,28,33,18,46,22,68,83,55,64,64,43,23,28,36,33,42,-38,-34,-35,-8,-19,-8,-9,-8,-8,-8,-8,-8,-8,-16,-29,-6,-67,-68,-102,-102,-116,-119,-102,-111,-131,-115,-90,-51,-737,-611,-29966,-29960]} 1. e4 c6 2. Nc3 d5 3. Qf3 d4 4. Bc4 e6 5. Nce2 c5 6. d3 {B11: Caro-Kann: Two Knights Variation.} Nc6 7. Qg3 h5 8. f4 {[#]The position is equal.} Nf6 (8... b5 $1 $15 {[%mdl 512]} 9. Bb3 (9. Bxb5 $2 Qa5+ {[%mdl 64] Double Attack} 10. Nc3 Nge7 $19) 9... Nf6) 9. a3 {[#]} b5 $146 {[%mdl 512]} ({Predecessor:} 9... Be7 10. Nf3 h4 11. Qf2 Ng4 12. Qg1 b5 13. Ba2 Qb6 14. h3 Nf6 15. Qf2 Bb7 16. O-O Nd7 17. Ng5 Bxg5 18. fxg5 Nce5 19. b4 c4 20. Nxd4 cxd3 21. Be3 {1-0 (21) Plenca,J (2478)-Banzea,A (2304) Zadar 2017}) 10. Ba2 (10. Bxb5 Qa5+) 10... Bb7 (10... h4 $5 {[%cal Rh4g3]} 11. Qh3 g6 $11) 11. h3 {[#]} c4 $1 {[%mdl 512]} 12. Nf3 {[#]} (12. dxc4 Nxe4) 12... h4 $1 {[%mdl 512]} 13. Qf2 (13. Nxh4 Nxe4) 13... Bc5 14. Ng5 Bb6 15. O-O Ne7 16. Kh1 Nxe4 17. Nxe4 Bxe4 18. dxe4 {Rd1 is the strong threat.} d3 19. Be3 {Black must now prevent Rfd1.} (19. Qf3 {is interesting.} d2 20. Nc3 a6 21. b3 cxb3 22. Bxb3 dxc1=R 23. Raxc1 Qc7 24. f5) 19... dxe2 20. Qxe2 Bxe3 21. Qxe3 Qb6 22. Qxb6 (22. Qe1 $14) 22... axb6 $15 23. Rad1 Rd8 24. Rxd8+ Kxd8 $11 {[%mdl 4096] Endgame KRB-KRN} 25. a4 Rh5 26. axb5 Rxb5 27. Bxc4 Rxb2 28. Bb3 Nc6 29. f5 Ke7 30. fxe6 (30. Rf4 $1 $11) 30... fxe6 $15 31. e5 Nd4 $1 32. Rf4 Rb1+ $1 33. Kh2 {[#]} Nf5 $1 ({Don't play} 33... Nxb3 $6 34. cxb3 Rxb3 35. Rxh4 $11) 34. Bc4 Rb4 {Strongly threatening ...b5.} 35. Re4 g5 {Hoping for ...Ng3.} 36. g4 $2 {[%mdl 8192]} (36. Kg1 $15) 36... hxg3+ 37. Kg2 {[#]} Rxc4 $1 {[%mdl 512] Accuracy: White = 68%, Black = 77%.} 0-1

[Event "IV Copa Marcel Duchamp 2020"]
[Site "Montevideo"]
[Date "2020.02.10"]
[Round "4.12"]
[White "Montanu, Dan-Vladimir"]
[Black "Mussanti, Diego"]
[Result "0-1"]
[WhiteElo "1983"]
[BlackElo "2330"]
[Annotator "TA"]
[PlyCount "64"]
[EventDate "2020.02.08"]
[EventType "swiss"]
[EventCountry "URU"]
[SourceTitle "playchess.com"]
[Source "ChessBase"]
[SourceQuality "1"]

{[%evp 11,64,14,27,0,0,10,16,8,10,0,2,-1,0,0,0,-99,-105,-100,-71,-74,-54,-98,-116,-213,-206,-283,-287,-285,-280,-369,-364,-376,-316,-419,-418,-421,-427,-685,-672,-714,-700,-795,-796,-775,-767,-1167,-1020,-1751,-1657,-29988,-29989,-29990,-29990,-29992,-29993]} 1. d4 d5 2. Nf3 Nf6 3. e3 e6 4. Bd3 c5 5. b3 Nc6 6. Bb2 Bd6 7. Nbd2 {D05: Colle System with ...e6.} b6 8. O-O Bb7 9. a3 {The position is equal.} O-O 10. Qe2 {is more profitable than 10.Ne5 at the moment.} Rc8 11. c4 cxd4 12. exd4 Ne7 {[#]} 13. c5 $146 (13. Rac1 $11 {remains equal.}) ({Predecessor:} 13. Ne5 Ng6 14. f4 Rc7 {½-½ (14) Valiente,C (2218)-Jodorcovsky Werjivker,P (2214) Asuncion 2016}) 13... bxc5 $17 14. dxc5 Rxc5 15. b4 Rc8 16. Bxf6 gxf6 17. Nh4 (17. Nd4 $17 {keeps fighting.}) 17... Ng6 $19 18. Qh5 f5 19. Ndf3 {[#] Ng5 is the strong threat.} Be7 (19... Nf4 20. Qh6 $19) 20. Nxg6 hxg6 ({Don't take} 20... fxg6 21. Qh3 $19) 21. Qh6 d4 22. Qh3 Bf6 23. Rfe1 Rc3 24. Ne5 (24. Rad1 $142) 24... Bxe5 25. Rxe5 {[#]} Be4 $1 {[%mdl 512]} 26. Rd1 (26. Bxe4 Rxh3) 26... Bxd3 27. Qh6 Qf6 28. f4 Rfc8 29. Ree1 Be4 30. Rd2 d3 {Black mates.} 31. h4 Rc2 32. Red1 Rxd2 {Accuracy: White = 39%, Black = 93%.} 0-1

[Event "IV Copa Marcel Duchamp 2020"]
[Site "Montevideo"]
[Date "2020.02.10"]
[Round "4.13"]
[White "Lopez Azambuja, Nicolas"]
[Black "Meskanen, Vesa"]
[Result "1-0"]
[WhiteElo "2310"]
[BlackElo "2019"]
[Annotator "TA"]
[PlyCount "65"]
[EventDate "2020.02.08"]
[EventType "swiss"]
[EventCountry "URU"]
[SourceTitle "playchess.com"]
[Source "ChessBase"]
[SourceQuality "1"]

{[%evp 20,65,-5,-5,-4,-4,-10,-31,-27,-61,-43,-63,-61,-56,-18,-38,-37,-31,19,19,21,11,57,0,0,0,0,0,10,3,33,33,35,35,95,83,90,96,91,93,137,124,471,61,623,587,613,610]} 1. d4 Nf6 2. c4 g6 3. Nc3 d5 4. cxd5 Nxd5 5. e4 Nxc3 6. bxc3 Bg7 7. Nf3 c5 8. Be3 O-O 9. Be2 Qa5 10. Qd2 Nc6 11. Rc1 cxd4 {D85: Exchange Grünfeld: Unusual White 7th moves and lines with 7 Nf3.} 12. cxd4 Qxd2+ 13. Kxd2 Rd8 {Black is slightly better.} 14. Rc4 {[#]} f5 $146 ({Predecessor:} 14... Bg4 15. d5 e6 16. Kc1 exd5 17. exd5 Ne5 18. Rc2 Bf5 19. Rc5 b6 20. Nxe5 Bxe5 {0-1 (61) Arjun,B (2281)-Danin,A (2575) Koge 2013}) 15. exf5 Bxf5 16. Rd1 Rd7 17. Ke1 Rad8 18. Rd2 e5 (18... Be4 {with more complications.} 19. Kf1 h6 20. Rc5 Kh8 21. Bb5 Bxf3 22. gxf3 Bxd4 23. Bxc6 Bxe3 24. Rxd7 Rxd7 25. fxe3 Rc7) 19. dxe5 Rxd2 20. Bxd2 Nxe5 21. Nxe5 (21. Rc7 $1 $14) 21... Bxe5 $11 22. f4 Bf6 23. Be3 a6 24. a4 Bd7 25. Rc7 Bc6 {[#]} 26. Bxa6 $1 {[%mdl 512]} Bc3+ ({Black should try} 26... Bd4 $14 27. Bxd4 (27. Bxb7 Bxb7 28. Bxd4 Rxd4 $16) 27... Rxd4) (26... bxa6 27. Rxc6) 27. Ke2 Ba5 28. Bc4+ $1 Kh8 29. Rf7 $1 Bxg2 {[#]} 30. f5 $1 {Hoping for Bh6.} gxf5 $2 {[%mdl 8192] [#]} (30... Bc3 $16) 31. Bg5 $2 (31. Rf8+ $1 $18 {[%mdl 512]} Kg7 (31... Rxf8 32. Bd4+) 32. Rxf5) 31... Re8+ $2 {[%mdl 8192] [#]} (31... Bd5 $14 32. Bxd5 Rxd5) 32. Kf2 $1 $18 {[%mdl 512] Threatening mate with Bf6+.} Bc3 33. Kxg2 {Accuracy: White = 74%, Black = 45%.} 1-0

[Event "IV Copa Marcel Duchamp 2020"]
[Site "Montevideo"]
[Date "2020.02.10"]
[Round "4.14"]
[White "Contin, Daniel"]
[Black "Soto, Nicolas"]
[Result "0-1"]
[WhiteElo "2267"]
[BlackElo "2002"]
[Annotator "TA"]
[PlyCount "110"]
[EventDate "2020.02.08"]
[EventType "swiss"]
[EventCountry "URU"]
[SourceTitle "playchess.com"]
[Source "ChessBase"]
[SourceQuality "1"]

{[%evp 21,110,0,0,0,14,0,11,0,0,-8,-12,-40,0,-44,83,102,95,-116,-107,-105,-110,-115,-104,-110,-97,-108,-97,-89,0,0,47,47,46,18,18,16,41,-228,-237,-225,-272,-248,-242,-240,-236,-237,-233,-240,-233,-225,-185,-174,-174,-295,-289,-478,-470,-397,-26,-434,-186,-175,-149,-787,-758,-874,-596,-686,-640,-993,-961,-1723,-1677,-2367,-2141,-29980,-29982,-29982,-29983,-29985,-29984,-29984,-29985,-29985,-29986,-29986,-29987,-29994,-29988,-29988,-29989]} 1. c4 e5 2. Nc3 Nf6 3. Nf3 Nc6 4. g3 Bb4 5. Bg2 O-O 6. O-O e4 7. Ng5 Bxc3 8. bxc3 Re8 9. f3 e3 10. d3 d5 11. cxd5 Nxd5 12. Qb3 {A29: English Opening: Four Knights Variation with 4 g3.} Na5 13. Qa3 b6 14. f4 {Hoping for c4.The position is equal.} Bb7 {[#]} 15. Rb1 $146 ({Predecessor:} 15. c4 Ne7 16. Nf3 c5 17. Bb2 Nf5 18. Bc3 Nc6 19. Qb2 Rb8 20. Rab1 Ncd4 21. Nxd4 cxd4 {½-½ (28) Gelfand,B (2719)-Hammer,J (2629) Palma de Mallorca 2017}) 15... c5 16. Ne4 Qc7 17. f5 f6 (17... c4 $15 {stays ahead.}) 18. Nxc5 $16 bxc5 {[#]} 19. Rb5 $2 {[#]} (19. Rxb7 $1 $16 {[%mdl 512]} Nxb7 20. Bxd5+ Kh8 21. Rf3) 19... Nxc3 $1 $17 {[%mdl 512]} 20. Qxc3 Bxg2 21. Rf4 {[#]} Bh1 $1 {[%mdl 512]} 22. Qxc5 (22. Kxh1 Qc6+) 22... Qxc5 23. Rxc5 Nb7 24. Rc7 Bd5 (24... Rac8 $17 25. Rxc8 Rxc8 26. Bxe3 Bc6) 25. Rg4 $11 Bf7 {White must now prevent ...Nd6.} 26. Rxb7 Rac8 27. Bb2 Rc2 28. Kf1 Rec8 {aiming for ...Rc1+!} 29. Re4 $2 {[%mdl 8192]} (29. Bxf6 $14 {keeps the upper hand.} Bd5 30. Rbxg7+ Kf8 31. Re4 (31. Be7+ Ke8 $14) 31... Bxe4 32. dxe4 Rxa2 33. e5 (33. Rxh7 Rcc2 $14) 33... Rc1+ 34. Kg2 Rxe2+ 35. Kf3 Rf2+ 36. Kxe3 Rxf5 37. Rxh7 (37. Rxa7 h5 $14)) 29... Bd5 $19 {[%mdl 64] Double Attack} 30. Rb5 Bxe4 31. dxe4 {[%mdl 4096] Endgame KRR-KRB} Rd2 32. e5 fxe5 33. Bxe5 Rcc2 34. Kg2 Rxe2+ 35. Kf3 Re1 {And now ...Rf2+ would win.} 36. Rb8+ Kf7 {Strongly threatening ...Rf2+.} 37. Bd6 (37. Rb7+ $142 Ke8 38. Rb8+ Kd7 39. Rb7+ Ke8 40. Rb8+ Ke7 41. Rb7+ Kd8 42. Rb8+ Rc8 43. Rb4) 37... g5 {Threatens to win with ...e2.} 38. Kg4 $2 (38. Rb7+ {might work better.} Kf6 39. Bb4) 38... h6 39. Rb7+ Ke8 $2 (39... Kf6 $19 40. Be7+ Ke5 41. Rb5+ Kd4) 40. Kh5 $2 {[%mdl 8192]} (40. Re7+ $11 {and White stays safe.} Kd8 41. f6) 40... Rf1 (40... e2 $142 41. Re7+ Kd8) 41. Re7+ Kd8 42. Kxh6 $2 {[%mdl 8192]} (42. Rxe3 $17 Rxf5 43. h3) 42... e2 43. Bb4 Rxf5 44. Re3 Rxa2 45. Kg6 Rb5 46. Be7+ Kd7 47. Bxg5 Rb1 48. h4 e1=Q {Black mates.} 49. Rxe1 Rxe1 50. h5 Rg2 51. Bf4 {[#]} Rxg3+ $1 52. Bxg3 Rg1 53. h6 Rxg3+ 54. Kh7 {[#]} Rh3 $1 55. Kg7 a5 {Accuracy: White = 38%, Black = 64%.} 0-1

[Event "IV Copa Marcel Duchamp 2020"]
[Site "Montevideo"]
[Date "2020.02.10"]
[Round "4.15"]
[White "Muniz, Rafael"]
[Black "Durante, Aurelio"]
[Result "1-0"]
[WhiteElo "2232"]
[BlackElo "1955"]
[Annotator "TA"]
[PlyCount "59"]
[EventDate "2020.02.08"]
[EventType "swiss"]
[EventCountry "URU"]
[SourceTitle "playchess.com"]
[Source "ChessBase"]
[SourceQuality "1"]

{[%evp 10,59,33,38,68,63,88,82,82,83,92,84,89,78,96,82,87,89,108,123,118,129,203,184,269,245,278,246,266,226,442,330,333,323,313,281,296,299,457,455,754,741,714,582,982,970,1346,1330,1217,984,5716,5343]} 1. e4 d5 2. exd5 Nf6 3. Bb5+ Bd7 4. Be2 Nxd5 5. d4 e6 6. Nf3 Nc6 {B01: Scandinavian Defence.} 7. O-O Be7 8. c4 Nf6 {White is better.} 9. Nc3 O-O {[#]} 10. h3 $146 ({Predecessor:} 10. a3 Qc8 11. b4 Rd8 12. Qb3 Ne8 13. Bb2 Bf6 14. Ne4 Nb8 15. Nxf6+ Nxf6 16. d5 {1-0 (35) Sarmiento Afonso,S (2095)-Sanchez Ramirez,G (1616) Vecindario 2019}) 10... h6 11. Be3 a5 12. Qd2 a4 13. Rad1 Bb4 14. Bd3 Re8 15. a3 Bf8 (15... Bxc3 $16 {was worth a try.} 16. Qxc3 (16. bxc3 e5 $14) 16... Ne7) 16. Bc2 $18 e5 (16... Bd6 {was necessary.} 17. Qd3 (17. Bxa4 Nxd4 18. Bxd4 Bxa4 $14) (17. Nxa4 Na5 $11) 17... Qc8) 17. dxe5 {[%mdl 64] [#] Overworked Piece} (17. Bxa4 exd4 18. Nxd4 Nxd4 $16) ({Weaker is} 17. Nxa4 exd4 18. Bxd4 (18. Nxd4 Ne5 $11) 18... Nxd4 $14) 17... Nxe5 18. Nxe5 Rxe5 19. Bd4 Raa5 $2 (19... Qe8 20. f4 (20. Bxe5 Qxe5 21. Rfe1 Qa5 $18) 20... Re6) 20. Bxe5 Rxe5 21. Bxa4 c6 22. Bc2 Qc8 {Black hopes to continue with ...Bxh3.} 23. Qd4 Rg5 (23... Qc7 {keeps fighting.} 24. Ne4 Nxe4) 24. Ne4 {White is clearly winning.} Rxg2+ (24... Nxe4 $142 25. Qxd7 Qxd7 26. Rxd7 Nc5) 25. Kxg2 Bxh3+ 26. Kh1 Ng4 27. Rg1 f5 {[#]} 28. Nf6+ $1 gxf6 29. f3 {[%mdl 64] Pin} Qe8 30. fxg4 {Accuracy: White = 95%, Black = 35%.} 1-0

[Event "IV Copa Marcel Duchamp 2020"]
[Site "Montevideo"]
[Date "2020.02.10"]
[Round "4.16"]
[White "Santiso, Daniel"]
[Black "Shtemler, Lavi"]
[Result "0-1"]
[WhiteElo "1900"]
[BlackElo "2199"]
[Annotator "TA"]
[PlyCount "103"]
[EventDate "2020.02.08"]
[EventType "swiss"]
[EventCountry "URU"]
[SourceTitle "playchess.com"]
[Source "ChessBase"]
[SourceQuality "1"]

{[%evp 9,103,52,34,40,46,26,35,27,41,35,62,54,78,73,85,78,102,84,100,72,153,52,52,52,56,60,56,41,53,37,46,20,18,16,31,15,15,0,0,0,0,0,0,-21,-14,-25,-25,-47,-9,-8,-2,-2,0,-28,0,0,0,0,0,0,0,-30,-30,-43,-31,-33,0,-43,-39,-93,-12,-82,-16,-65,-39,-82,-43,-95,-90,-159,-137,-216,-223,-427,-420,-387,-333,-407,-380,-341,-319,-306,-280,-531,-509,-457]} 1. d4 Nf6 2. Bf4 Nh5 3. Bg5 h6 4. Bh4 g5 5. e3 Nf6 6. Bg3 {A45: Trompowsky Attack.} d6 7. Bd3 Bg7 {[#]} 8. c3 $146 {White is slightly better.} ({Predecessor:} 8. Nd2 Nc6 9. c3 e5 10. Qc2 Qe7 11. O-O-O Be6 12. h4 g4 13. h5 O-O-O 14. Ne2 {0-1 (49) Ponomariov,R (2744)-Andreikin,D (2683) Moscow 2010}) 8... Nc6 9. Nf3 Bg4 10. Qb3 Qc8 11. Nbd2 Nh5 12. h3 Nxg3 13. fxg3 Bxf3 14. Nxf3 (14. gxf3 {keeps more tension.} Qe6 15. Be4 Nd8 16. Qxe6 fxe6 17. h4) 14... Qe6 (14... e6 $142) 15. e4 (15. Qxb7 $16 Qxe3+ {[%mdl 64] Double Attack} 16. Be2) 15... Qxb3 $14 16. axb3 a6 17. b4 O-O 18. O-O e6 19. g4 Rad8 20. b5 axb5 21. Bxb5 Ra8 22. Bxc6 bxc6 23. e5 Rfb8 24. Rxa8 Rxa8 $11 {[%mdl 4096] Endgame KRB-KRN} 25. Re1 Kf8 26. g3 Ke7 27. Re2 Ra5 28. h4 f6 {[%cal Rf6e5]} 29. hxg5 hxg5 {[%cal Rf6e5]} 30. exf6+ Kxf6 31. Nd2 Ra2 32. Kf2 Kf7 33. Nf3 Bf6 34. Ke3 Ra5 35. Kd3 c5 36. Rh2 Kg6 37. Re2 Kf7 38. Rh2 cxd4 39. Nxd4 ({White should play} 39. b4 $15 Ra1 40. Nxd4) 39... Bxd4 (39... c5 $17 40. Nf3 Ra4) 40. Kxd4 $15 {KR-KR} (40. cxd4 $11 {keeps the balance.} Ra2 41. Rh7+ Kf6 42. Rh6+ Ke7 43. Rh7+ Kd8 44. Kc3) 40... Rd5+ (40... c5+ $17 41. Ke3 d5) 41. Ke4 Re5+ 42. Kf3 Kg6 43. b4 (43. Rh8 $15) 43... Re1 $17 {Hoping for ...Rc1.} 44. Rc2 (44. Ra2 $142) 44... Kf6 $1 45. c4 {[#]} (45. Kf2 $17 {is a better defense.} Rb1 46. Ke3) 45... Ke5 $1 $19 46. c5 $2 (46. Kf2 {might work better.} Rb1 47. Re2+ Kf6 48. b5) 46... Rb1 47. Re2+ Kd5 48. Rd2+ Kc6 49. cxd6 cxd6 50. Rc2+ Kd5 51. Rd2+ $2 {[#]} (51. Rc7) 51... Ke5 $1 52. Re2+ {Accuracy: White = 58%, Black = 74%.} 0-1

[Event "IV Copa Marcel Duchamp 2020"]
[Site "Montevideo"]
[Date "2020.02.10"]
[Round "4.17"]
[White "Pustilnik, Iber"]
[Black "Dominguez, Facundo"]
[Result "0-1"]
[WhiteElo "1892"]
[BlackElo "2135"]
[Annotator "TA"]
[PlyCount "43"]
[EventDate "2020.02.08"]
[EventType "swiss"]
[EventCountry "URU"]
[SourceTitle "playchess.com"]
[Source "ChessBase"]
[SourceQuality "1"]

{[%evp 18,43,34,35,49,31,36,7,31,0,2,9,10,-33,0,-33,0,0,0,-80,-79,-133,-6,-67,-20,-234,-241,-722]} 1. d4 Nf6 2. c4 c5 3. d5 e6 4. Nc3 exd5 5. cxd5 d6 6. g3 g6 7. Bg2 Bg7 8. Nf3 O-O 9. O-O a6 10. a4 Qc7 {A62: Modern Benoni: Fianchetto Variation without early ...Nbd7.} 11. Re1 Re8 12. e4 Bg4 {The position is equal.} 13. h3 Bxf3 $1 14. Bxf3 Nbd7 15. Bg2 Rab8 {[#]} 16. Qc2 $146 ({Predecessor:} 16. Bf1 Nf8 17. g4 N6d7 18. Qd2 f5 19. f3 Ne5 20. Qg2 fxe4 21. Rxe4 Nfd7 22. f4 {0-1 (55) Petrovic,P (2017)-Milajic,V (2121) Belgrade 2018}) 16... b5 17. axb5 axb5 18. Bf1 {[#]} (18. Bf4 $11 {remains equal.}) 18... c4 $1 $17 19. Ra6 {[#]} (19. f3 $142) 19... Bf8 (19... Nc5 $1 $17 {[%cal Rc5a6]} 20. Rc6 Qa5) 20. f3 (20. Bf4 $11) 20... Qb7 (20... Nc5 $5 {[%cal Rc5a6]} 21. Ra1 Nb3 $15) 21. Rc6 $2 (21. Ra1 $11 {and White is okay.}) 21... Ne5 $19 22. Bg5 $2 {Accuracy: White = 12%, Black = 50%.} (22. Kg2) 0-1

[Event "IV Copa Marcel Duchamp 2020"]
[Site "Montevideo"]
[Date "2020.02.10"]
[Round "4.18"]
[White "Curi, Gabriel"]
[Black "Rodriguez Farias, Eduardo"]
[Result "1-0"]
[WhiteElo "2132"]
[BlackElo "1963"]
[Annotator "TA"]
[PlyCount "55"]
[EventDate "2020.02.08"]
[EventType "swiss"]
[EventCountry "URU"]
[SourceTitle "playchess.com"]
[Source "ChessBase"]
[SourceQuality "1"]

{[%evp 18,55,21,-16,-23,-16,41,34,52,45,54,50,59,55,60,61,81,80,83,77,182,185,187,170,215,192,395,387,449,422,428,443,429,430,419,413,982,792,1057,1054]} 1. e4 c5 2. Nf3 Nc6 3. Bb5 g6 4. O-O Bg7 5. Re1 Nf6 6. e5 Nd5 7. Nc3 {[%cal Bb1c3,Bc3e4,Be4f6][%mdl 32]} Nc7 8. Bxc6 dxc6 9. Ne4 b6 10. Nf6+ Kf8 {B31: Sicilian: 2...Nc6 3 Bb5 g6.} 11. Ne4 Bf5 {[#]} ({Black should play} 11... Bg4 $11) 12. h3 $146 ({Predecessor:} 12. d3 Qd5 13. h3 Rd8 14. Ng3 Qd7 15. b3 h5 16. Bb2 h4 17. Nxf5 Qxf5 18. Re4 Qxe4 19. dxe4 Rxd1+ 20. Rxd1 {1-0 (47) Predojevic,B (2558)-Saric,I (2339) Bosnjaci 2006}) 12... Bxe4 {White is slightly better.} 13. Rxe4 Qd5 14. d3 Rd8 {[#] White must now prevent ...Qxe4!} 15. Qe2 Ne6 16. Be3 h6 17. a3 {[%cal Ba2a3,Ba3b4][%mdl 32]} Kg8 18. b4 f5 (18... Kh7 $16) 19. exf6 $1 $18 Bxf6 {[#]} 20. Re1 $1 cxb4 21. axb4 Nc7 $2 (21... c5 {keeps fighting.} 22. bxc5 bxc5 23. Bxh6 Nd4 24. Nxd4 cxd4) 22. Bd4 Rh7 23. Bxf6 exf6 24. Rd4 Qxd4 25. Nxd4 Rxd4 26. Qf3 Nd5 (26... Rf7 $142 27. Qxc6 Rd8) 27. c4 Nf4 28. Re8+ {Accuracy: White = 100%, Black = 35%.} 1-0

[Event "IV Copa Marcel Duchamp 2020"]
[Site "Montevideo"]
[Date "2020.02.10"]
[Round "4.19"]
[White "Guerrero, Alvaro"]
[Black "Moccero, Eduardo"]
[Result "1-0"]
[WhiteElo "2094"]
[BlackElo "1926"]
[Annotator "NA RC"]
[PlyCount "47"]
[EventDate "2020.02.08"]
[EventType "swiss"]
[EventCountry "URU"]
[SourceTitle "playchess.com"]
[Source "ChessBase"]
[SourceQuality "1"]
[TimeControl "5400+30"]

{[%evp 8,40,16,8,15,2,0,-6,14,-9,0,-4,1,0,9,10,50,0,0,0,60,84,78,78,135,41,353,374,364,377,379,395,362,388,400]} 1. d4 {[%emt 0:17:21]} d5 {[%emt 0:00:00]} 2. c4 {[%emt 0:00:16]} e6 {[%emt 0:00:00]} 3. Nf3 {[%emt 0:00:21]} c5 {[%emt 0:00:00]} 4. e3 {[%emt 0:00:43]} Nc6 {[%emt 0:00:54]} 5. Nc3 {[%emt 0:00:49]} Nf6 {[%emt 0:00:47]} 6. Bd3 {[%emt 0:00:22]} dxc4 {[%emt 0:02:13]} 7. Bxc4 {[%emt 0:00:04]} cxd4 {[%emt 0:00:46]} 8. exd4 {[%emt 0:00:04]} Be7 {[%emt 0:00:48]} 9. O-O {[%emt 0:00:21]} O-O {[%emt 0:01:31]} 10. Re1 {[%emt 0:00:34]} h6 {[%emt 0:07:07] D40: Queen's Gambit Declined: Semi-Tarrasch with 5 e3.} 11. a3 {[%emt 0:01:42] [#]} Re8 $146 {[%emt 0:04:35]} ({Predecessor:} 11... a6 12. Be3 b5 13. Bd3 Bb7 14. b4 Rc8 15. Rc1 Re8 16. Ne4 Nxe4 17. Bxe4 Ba8 {1-0 (33) Ali,M (1851)-Shafayet,A Dhaka 2015}) 12. Bb3 {[%emt 0:03:04]} Bd6 {[%emt 0:06:39]} 13. Qd3 {[%emt 0:00:46]} Bc5 {[%emt 0:05:21]} (13... Ne7 $11) 14. Be3 {[%emt 0:04:45]} Bb6 {[%emt 0:07:39]} 15. Rad1 {[%emt 0:04:57]} e5 {[%emt 0:01:54] [#]} (15... Bc7 $142) 16. Qc4 {[%emt 0:04:18]} ({White should try} 16. Bxh6 $1 $16 {[%mdl 512]} Be6 (16... gxh6 17. Qg6+) 17. d5 Nxd5 18. Nxd5 (18. Bxd5 gxh6 19. Qe4 Qf6 $16) 18... gxh6 19. Bc2 (19. Nxe5 Bxd5 20. Qg3+ Qg5 $14)) 16... Be6 $2 {[%emt 0:02:11]} ({Black should try} 16... Qe7 $14) 17. d5 {[%emt 0:00:37] Double Attack} Na5 {[%emt 0:01:26]} 18. dxe6 {[%emt 0:07:06]} Nxc4 {[%emt 0:01:50]} 19. Rxd8 {[%emt 0:01:25]} Raxd8 {[%emt 0:01:02]} 20. Bxb6 $18 {[%emt 0:01:00]} ({Don't play} 20. Bxc4 fxe6 21. Bxb6 (21. Nxe5 Bxe3 22. fxe3 Rd2 $18) 21... axb6 $18) 20... axb6 {[%emt 0:00:39]} 21. exf7+ {[%emt 0:00:18]} Kxf7 {[%emt 0:00:07]} 22. Bxc4+ {[%emt 0:00:05]} Kf8 {[%emt 0:01:27]} 23. Nxe5 g5 24. Nd7+ 1-0

[Event "IV Copa Marcel Duchamp 2020"]
[Site "Montevideo"]
[Date "2020.02.10"]
[Round "4.20"]
[White "Vassallo, Mariano"]
[Black "Meza, Anahi"]
[Result "0-1"]
[WhiteElo "1313"]
[BlackElo "2046"]
[Annotator "NA RC"]
[PlyCount "64"]
[EventDate "2020.02.08"]
[EventType "swiss"]
[EventCountry "URU"]
[SourceTitle "playchess.com"]
[Source "ChessBase"]
[SourceQuality "1"]
[TimeControl "5400+30"]

{[%evp 9,63,17,48,42,53,42,61,41,55,6,25,-9,0,0,15,-32,-26,-41,-37,-43,-56,-49,-47,-53,-47,-75,-60,-79,-84,-118,-98,-82,-46,-50,-50,-137,-70,-147,-148,-149,-159,-162,-160,-170,-167,-481,-500,-738,-774,-1151,-1272,-1733,-1749,-2177,-1594,-29988]} 1. e4 {[%emt 0:00:00]} c5 {[%emt 0:00:00]} 2. Nf3 {[%emt 0:00:00]} e6 {[%emt 0:00:00]} 3. d4 {[%emt 0:00:39]} cxd4 {[%emt 0:00:00]} 4. Nxd4 {[%emt 0:00:29]} a6 {[%emt 0:00:00]} 5. Nc3 {[%emt 0:00:39]} b5 {[%emt 0:00:13]} 6. Bd3 {[%emt 0:01:00]} Qb6 {[%emt 0:00:25]} 7. Nf3 {[%emt 0:03:08]} d6 {[%emt 0:14:47] B43: Sicilian: Kan Variation: 5 Nc3.} 8. O-O {[%emt 0:04:47]} Bb7 {[%emt 0:03:34] [#]} 9. Ne2 $146 {[%emt 0:05:23]} ({Predecessor:} 9. Re1 Nd7 10. a4 b4 11. a5 Qc7 12. Na2 Ngf6 13. Nxb4 d5 14. Nxd5 exd5 15. exd5+ {1-0 (55) Peng,X (2588)-Tong,Y (2502) Chengdu 2009}) 9... Nf6 {[%emt 0:03:56]} 10. Ng3 {[%emt 0:00:54]} Nbd7 {[%emt 0:02:00]} 11. Be3 {[%emt 0:05:53]} Qc7 {[%emt 0:00:57]} 12. h3 {[%emt 0:02:41]} Be7 {[%emt 0:06:15]} 13. Re1 {[%emt 0:03:43]} O-O {[%emt 0:02:18]} 14. c3 {[%emt 0:01:32]} Nc5 {[%emt 0:16:49]} 15. Bxc5 {[%emt 0:04:24]} Qxc5 {[%emt 0:00:33]} 16. Qe2 {[%emt 0:07:54]} Nd7 {[%emt 0:09:16]} 17. Nd4 {[%emt 0:11:01]} Ne5 {[%emt 0:03:12]} 18. Nb3 {[%emt 0:03:33]} Qb6 {[%emt 0:02:09]} 19. Bc2 {[%emt 0:02:49]} Bh4 {[%emt 0:08:53]} 20. Nf1 {[%emt 0:06:06]} Rac8 {[%emt 0:05:41]} ({Black should play} 20... b4 $17 21. Rab1 Rfc8) 21. Ne3 {[%emt 0:03:24]} Bg5 {[%emt 0:05:08]} 22. Qh5 {[%emt 0:04:42]} (22. a3 $15) 22... Bf6 {[%emt 0:00:49]} 23. Ng4 {[%emt 0:02:20]} ({White should play} 23. a3 $15) 23... Nxg4 {[%emt 0:00:38]} 24. Qxg4 {[%emt 0:00:21]} b4 {[%emt 0:00:46]} 25. Re3 {[%emt 0:03:52]} bxc3 {[%emt 0:00:57]} 26. bxc3 {[%emt 0:03:25]} Bxc3 {[%emt 0:02:17]} 27. Rc1 $2 {[%emt 0:06:43]} (27. Rb1 {is more resistant.}) 27... Bb2 {[%emt 0:00:37]} 28. Rg3 {[%emt 0:01:11]} (28. Qd1 $142 Qc7 29. Re2 Bxc1 30. Nxc1) 28... g6 {[%emt 0:00:15]} 29. e5 {[%emt 0:00:53]} Bxc1 {[%emt 0:02:06]} 30. Bxg6 {[%emt 0:00:17]} hxg6 {[%emt 0:01:19]} 31. Qh5 {[%emt 0:00:08]} Be4 {[%emt 0:00:45]} 32. exd6 {[%emt 0:01:23]} Qxd6 {[%emt 0:00:14]} 0-1